[Event "European School Championships"]
[Site "Rhodes, Greece"]
[Date "2022.04.28"]
[Round "6.2"]
[White "Portakalci, Yusuf"]
[Black "Tarhan, Adar"]
[Result "1/2-1/2"]
[WhiteElo "1805"]
[BlackElo "2314"]
[PlyCount "143"]
[EventDate "2022.04.21"]
[EventRounds "9"]

1. c4 {[%emt 0:00:05]} e5 {[%emt 0:00:16]} 2. Nc3 {[%emt 0:00:15]} Bb4 {
[%emt 0:00:22]} 3. Qc2 {[%emt 0:00:57]} Nc6 {[%emt 0:01:04]} 4. e3 {[%emt 0:01:
28]} Nf6 {[%emt 0:01:15]} 5. Nf3 {[%emt 0:01:31]} d6 {[%emt 0:02:44]} 6. a3 {
[%emt 0:08:08]} Bxc3 {[%emt 0:03:27]} 7. Qxc3 {[%emt 0:00:40]} Bg4 {[%emt 0:03:
11]} 8. b3 {[%emt 0:13:03]} Ne4 {[%emt 0:03:31]} 9. Qc2 {[%emt 0:04:00]} Bxf3 {
[%emt 0:00:21]} 10. gxf3 {[%emt 0:00:05]} Ng5 {[%emt 0:00:06]} 11. Bg2 {
[%emt 0:11:02]} Qf6 12. f4 {[%emt 0:03:54]} exf4 {[%emt 0:01:33]} 13. Bb2 {
[%emt 0:02:26]} Qe7 {[%emt 0:03:40]} 14. O-O-O {[%emt 0:03:13]} f3 {[%emt 0:01:
25]} 15. Bf1 {[%emt 0:00:25]} f6 {[%emt 0:03:21]} 16. h4 {[%emt 0:03:37]} Nf7 {
[%emt 0:01:18]} 17. Bh3 {[%emt 0:03:48]} Nh6 {[%emt 0:04:42]} 18. Rhg1 {
[%emt 0:01:46]} Ne5 {[%emt 0:01:20]} 19. Qe4 {[%emt 0:07:55]} f5 {[%emt 0:03:
46]} 20. Bxf5 {[%emt 0:03:01]} Nxf5 {[%emt 0:00:18]} 21. Qxf5 {[%emt 0:00:04]}
g6 {[%emt 0:00:27]} 22. Qe4 {[%emt 0:00:46]} O-O-O {[%emt 0:00:59]} 23. d4 {
[%emt 0:03:10]} Nc6 {[%emt 0:00:25]} 24. Qxf3 {[%emt 0:02:37]} Rhf8 {[%emt 0:
01:46]} 25. Qg4+ {[%emt 0:01:05]} Kb8 {[%emt 0:00:01]} 26. Rg2 {[%emt 0:07:07]}
Rf5 {[%emt 0:05:07]} 27. e4 {[%emt 0:03:31]} h5 {[%emt 0:00:58]} 28. Qe2 {
[%emt 0:02:01]} Rf4 {[%emt 0:01:27]} 29. f3 {[%emt 0:02:25]} Rdf8 {[%emt 0:02:
55]} 30. Rf1 {[%emt 0:01:44]} Qxh4 {[%emt 0:01:55]} 31. Rxg6 {[%emt 0:01:29]}
Qh3 {[%emt 0:02:23]} 32. Qg2 {[%emt 0:02:23]} Qd7 {[%emt 0:01:23]} 33. Kb1 {
[%emt 0:02:40]} b6 {[%emt 0:02:11]} 34. Ka2 {[%emt 0:01:00]} h4 {[%emt 0:01:37]
} 35. Qh2 {[%emt 0:03:17]} Qh7 {[%emt 0:02:25]} 36. Re6 {[%emt 0:02:15]} Qh5 {
[%emt 0:03:00]} 37. d5 {[%emt 0:02:16]} Na5 {[%emt 0:01:30]} 38. e5 {[%emt 0:
00:27]} Rxf3 {[%emt 0:00:47]} 39. Rb1 {[%emt 0:00:53]} Rf2 {[%emt 0:00:34]} 40.
Qg1 {[%emt 0:00:23]} dxe5 {[%emt 0:00:43]} 41. Qe1 {[%emt 0:09:00]} Re2 {
[%emt 0:02:44]} 42. Qb4 {[%emt 0:04:20]} Rff2 {[%emt 0:01:15]} 43. d6 {[%emt 0:
04:41]} Rf7 {[%emt 0:13:26]} 44. c5 {[%emt 0:06:51]} Kb7 {[%emt 0:03:14]} 45.
dxc7 {[%emt 0:02:04]} Rxc7 {[%emt 0:00:46]} 46. Rxb6+ {[%emt 0:01:50]} axb6 {
[%emt 0:00:04]} 47. Qxb6+ {[%emt 0:00:05]} Kc8 {[%emt 0:00:05]} 48. Qxa5 {
[%emt 0:00:20]} Qf3 {[%emt 0:01:06]} 49. Qa6+ {[%emt 0:00:30]} Kb8 {[%emt 0:00:
32]} 50. Qb5+ {[%emt 0:00:53]} Rb7 {[%emt 0:02:23]} 51. Qe8+ {[%emt 0:00:33]}
Kc7 {[%emt 0:00:25]} 52. Qe7+ {[%emt 0:00:17]} Kc6 {[%emt 0:00:21]} 53. Qd6+ {
[%emt 0:01:00]} Kb5 {[%emt 0:00:05]} 54. Rc1 {[%emt 0:03:57]} Qe4 {[%emt 0:10:
01]} 55. Rc4 {[%emt 0:01:21]} Rxb2+ {[%emt 0:02:23]} 56. Kxb2 {[%emt 0:00:04]}
Qg2+ {[%emt 0:00:12]} 57. Rc2 {[%emt 0:00:53]} Qg7 {[%emt 0:00:02]} 58. c6 {
[%emt 0:00:27]} Rc7 {[%emt 0:00:35]} 59. Qb4+ {[%emt 0:00:29]} Ka6 {[%emt 0:00:
01]} 60. Qa4+ {[%emt 0:00:28]} Kb6 {[%emt 0:00:39]} 61. Qb4+ Ka6 {[%emt 0:00:
05]} 62. Qe4 {[%emt 0:00:18]} Qg3 {[%emt 0:00:43]} 63. Qa4+ {[%emt 0:00:18]}
Kb6 {[%emt 0:00:31]} 64. Qb4+ {[%emt 0:00:03]} Ka6 65. Qa4+ {[%emt 0:00:01]}
Kb6 {[%emt 0:00:02]} 66. Qa8 {[%emt 0:01:18]} e4 {[%emt 0:00:30]} 67. a4 {
[%emt 0:00:47]} Qe5+ {[%emt 0:00:47]} 68. Ka2 {[%emt 0:00:07]} e3 {[%emt 0:00:
31]} 69. Qb8+ {[%emt 0:00:07]} Ka6 {[%emt 0:00:56]} 70. Qa8+ {[%emt 0:00:35]}
Kb6 {[%emt 0:00:02]} 71. Qb8+ {[%emt 0:01:23]} Ka6 {[%emt 0:00:15]} 72. Qa8+ {
[%emt 0:00:28]} 1/2-1/2

[Event "European School Championships"]
[Site "Rhodes, Greece"]
[Date "2022.04.28"]
[Round "6.3"]
[White "Kovalskyi, Roman"]
[Black "Kostov, Kiril"]
[Result "1-0"]
[WhiteElo "1849"]
[BlackElo "2056"]
[PlyCount "159"]
[EventDate "2022.04.21"]
[EventRounds "9"]

1. e4 c5 {[%emt 0:00:09]} 2. b3 {[%emt 0:00:09]} g6 {[%emt 0:00:07]} 3. Bb2 {
[%emt 0:00:03]} Nf6 {[%emt 0:00:05]} 4. e5 {[%emt 0:00:07]} Nd5 {[%emt 0:00:04]
} 5. Qf3 {[%emt 0:00:04]} Nb4 {[%emt 0:00:05]} 6. Na3 {[%emt 0:00:03]} Bg7 {
[%emt 0:00:39]} 7. e6 {[%emt 0:00:05]} O-O {[%emt 0:00:07]} 8. Bxg7 {[%emt 0:
00:09]} Kxg7 {[%emt 0:00:05]} 9. exf7 {[%emt 0:00:05]} Rxf7 {[%emt 0:00:29]}
10. Qc3+ {[%emt 0:00:07]} Rf6 {[%emt 0:00:06]} 11. Qxc5 {[%emt 0:00:15]} N8c6 {
[%emt 0:00:14]} 12. Nf3 {[%emt 0:05:44]} d6 {[%emt 0:08:10]} 13. Qc3 {[%emt 0:
01:37]} Bf5 {[%emt 0:06:12]} 14. Nh4 {[%emt 0:18:22]} Qa5 {[%emt 0:08:19]} 15.
Nxf5+ {[%emt 0:02:46]} Qxf5 {[%emt 0:02:03]} 16. f3 {[%emt 0:01:07]} d5 {
[%emt 0:34:26]} 17. Be2 {[%emt 0:14:48]} d4 {[%emt 0:02:49]} 18. Qb2 {[%emt 0:
03:53]} Qc5 {[%emt 0:09:39]} 19. c3 {[%emt 0:09:35]} Na6 {[%emt 0:11:49]} 20.
b4 {[%emt 0:04:04]} Qe5 {[%emt 0:01:27]} 21. Nc4 {[%emt 0:00:24]} Qe6 {[%emt 0:
00:09]} 22. b5 {[%emt 0:01:08]} Nc5 {[%emt 0:00:50]} 23. Qb1 {[%emt 0:01:56]}
d3 {[%emt 0:01:15]} 24. Ne3 {[%emt 0:00:08]} Ne5 {[%emt 0:00:14]} 25. Bd1 {
[%emt 0:05:02]} Nc4 {[%emt 0:01:19]} 26. Qc1 {[%emt 0:00:14]} Rd8 {[%emt 0:00:
18]} 27. O-O {[%emt 0:00:53]} Nxe3 {[%emt 0:06:54]} 28. Re1 {[%emt 0:00:07]}
Qb6 {[%emt 0:00:15]} 29. Rxe3 {[%emt 0:00:06]} Re6 {[%emt 0:00:12]} 30. c4 {
[%emt 0:05:46]} Kg8 {[%emt 0:02:34]} 31. Qc3 {[%emt 0:03:46]} Rf8 {[%emt 0:03:
07]} 32. Qd4 {[%emt 0:08:05]} Rd6 {[%emt 0:01:09]} 33. Qh4 {[%emt 0:00:06]} Re6
{[%emt 0:00:27]} 34. Rxe6 {[%emt 0:02:03]} Qxe6 {[%emt 0:00:41]} 35. Bb3 {
[%emt 0:00:28]} Qb6 {[%emt 0:00:36]} 36. Qf2 {[%emt 0:00:50]} Qf6 {[%emt 0:00:
35]} 37. Re1 {[%emt 0:09:56]} b6 {[%emt 0:00:05]} 38. Qe3 {[%emt 0:01:46]} e6 {
[%emt 0:00:50]} 39. Qe5 {[%emt 0:00:23]} Qd8 {[%emt 0:00:45]} 40. Re3 {[%emt 0:
01:49]} Rf5 {[%emt 0:00:40]} 41. Qc3 {[%emt 0:00:34]} Qd6 {[%emt 0:04:21]} 42.
a3 {[%emt 0:03:14]} Rf8 {[%emt 0:02:02]} 43. Ba2 {[%emt 0:02:16]} Rd8 {[%emt 0:
02:35]} 44. Qe5 {[%emt 0:00:29]} Qxe5 {[%emt 0:04:33]} 45. Rxe5 {[%emt 0:00:13]
} Kf7 {[%emt 0:00:14]} 46. Kf2 {[%emt 0:02:47]} Kf6 {[%emt 0:02:28]} 47. Re1 {
[%emt 0:00:25]} a6 {[%emt 0:02:35]} 48. Rc1 {[%emt 0:06:50]} e5 {[%emt 0:02:16]
} 49. Ke3 {[%emt 0:00:46]} Ra8 {[%emt 0:03:10]} 50. Rc3 {[%emt 0:01:11]} e4 {
[%emt 0:01:37]} 51. fxe4 {[%emt 0:03:24]} Re8 {[%emt 0:00:21]} 52. bxa6 {
[%emt 0:00:45]} Nxe4 {[%emt 0:00:41]} 53. Rc1 {[%emt 0:00:08]} Nc5+ {[%emt 0:
01:16]} 54. Kd4 {[%emt 0:00:34]} Rd8+ {[%emt 0:00:27]} 55. Kc3 {[%emt 0:07:47]}
Nxa6 {[%emt 0:04:31]} 56. Bb1 {[%emt 0:00:09]} Nc5 {[%emt 0:00:18]} 57. Rf1+ {
[%emt 0:02:15]} Ke5 {[%emt 0:04:27]} 58. Rf3 {[%emt 0:01:03]} Ne4+ {[%emt 0:00:
36]} 59. Kb4 {[%emt 0:00:05]} Nxd2 {[%emt 0:00:18]} 60. Rxd3 {[%emt 0:01:35]}
Rd4 {[%emt 0:00:15]} 61. Rxd4 {[%emt 0:02:49]} Kxd4 {[%emt 0:00:02]} 62. Ba2 {
[%emt 0:00:16]} Ne4 {[%emt 0:00:05]} 63. a4 {[%emt 0:02:05]} Nd6 {[%emt 0:01:
55]} 64. Bb3 {[%emt 0:00:59]} h6 {[%emt 0:01:06]} 65. g4 {[%emt 0:00:45]} h5 {
[%emt 0:00:33]} 66. g5 {[%emt 0:00:58]} Nf7 {[%emt 0:00:55]} 67. h4 {[%emt 0:
00:29]} Nd6 {[%emt 0:00:37]} 68. Bc2 {[%emt 0:00:27]} Nxc4 {[%emt 0:00:18]} 69.
Bxg6 {[%emt 0:00:05]} Nd6 {[%emt 0:00:09]} 70. Bxh5 {[%emt 0:00:15]} Ke5 {
[%emt 0:00:06]} 71. Be2 {[%emt 0:01:01]} Kf4 {[%emt 0:01:17]} 72. g6 {[%emt 0:
00:52]} Ne8 {[%emt 0:00:20]} 73. Kb5 {[%emt 0:00:04]} Kf5 {[%emt 0:00:19]} 74.
h5 {[%emt 0:00:05]} Kf6 {[%emt 0:00:12]} 75. Kxb6 {[%emt 0:00:32]} Kg7 {
[%emt 0:00:30]} 76. a5 {[%emt 0:00:04]} Nd6 {[%emt 0:00:03]} 77. a6 {[%emt 0:
00:05]} Kh6 {[%emt 0:00:03]} 78. a7 {[%emt 0:00:09]} Nc8+ {[%emt 0:00:02]} 79.
Kb7 {[%emt 0:00:05]} Nxa7 {[%emt 0:00:05]} 80. Kxa7 {[%emt 0:00:06]} 1-0

[Event "European School Championships"]
[Site "Rhodes, Greece"]
[Date "2022.04.29"]
[Round "7.2"]
[White "Portakalci, Yusuf"]
[Black "Moutaftsis, Efstratios"]
[Result "1-0"]
[WhiteElo "1805"]
[BlackElo "1079"]
[PlyCount "93"]
[EventDate "2022.04.21"]
[EventRounds "9"]

1. d4 {[%emt 0:00:02]} f5 {[%emt 0:00:11]} 2. c4 {[%emt 0:00:07]} Nf6 {[%emt 0:
00:18]} 3. Nc3 {[%emt 0:00:06]} d6 {[%emt 0:00:24]} 4. Nf3 {[%emt 0:00:15]} g6
{[%emt 0:00:25]} 5. e3 {[%emt 0:01:58]} Bg7 {[%emt 0:00:12]} 6. Be2 {[%emt 0:
00:24]} e6 {[%emt 0:03:20]} 7. Qc2 {[%emt 0:00:33]} b6 {[%emt 0:05:23]} 8. b3 {
[%emt 0:01:29]} Bb7 {[%emt 0:01:11]} 9. Bb2 {[%emt 0:01:33]} Nbd7 {[%emt 0:00:
32]} 10. Rd1 {[%emt 0:00:38]} d5 {[%emt 0:02:51]} 11. Ba3 {[%emt 0:05:43]} a6 {
[%emt 0:03:06]} 12. Ng5 {[%emt 0:04:37]} Nf8 {[%emt 0:08:34]} 13. Bxf8 {
[%emt 0:01:21]} Bxf8 {[%emt 0:00:15]} 14. Nxe6 {[%emt 0:00:08]} Qd7 {[%emt 0:
00:15]} 15. Nxf8 {[%emt 0:03:49]} Rxf8 {[%emt 0:00:53]} 16. cxd5 {[%emt 0:00:
31]} Nxd5 {[%emt 0:01:58]} 17. Bf3 {[%emt 0:01:59]} O-O-O {[%emt 0:16:06]} 18.
Na4 {[%emt 0:02:50]} Qb5 {[%emt 0:01:58]} 19. Rc1 {[%emt 0:04:26]} Rf7 {
[%emt 0:05:29]} 20. Qe2 {[%emt 0:09:17]} Qxe2+ {[%emt 0:03:42]} 21. Kxe2 {
[%emt 0:01:50]} Rd6 {[%emt 0:00:32]} 22. Nb2 {[%emt 0:02:21]} Re6 {[%emt 0:01:
18]} 23. Nd3 {[%emt 0:01:30]} Ne7 {[%emt 0:08:58]} 24. Nf4 {[%emt 0:03:36]}
Bxf3+ {[%emt 0:02:06]} 25. Kxf3 {[%emt 0:00:29]} Ref6 {[%emt 0:05:14]} 26. h4 {
[%emt 0:01:15]} h5 {[%emt 0:01:25]} 27. Rc4 {[%emt 0:01:48]} Kb7 {[%emt 0:03:
18]} 28. Rhc1 {[%emt 0:11:47]} Nc6 {[%emt 0:01:29]} 29. Nd3 {[%emt 0:00:58]}
Re7 {[%emt 0:05:05]} 30. a3 {[%emt 0:07:20]} Rg7 {[%emt 0:07:29]} 31. g3 {
[%emt 0:02:50]} Re7 {[%emt 0:03:23]} 32. b4 {[%emt 0:02:11]} Na7 {[%emt 0:03:
07]} 33. Nf4 {[%emt 0:02:08]} Rd6 {[%emt 0:03:51]} 34. a4 {[%emt 0:01:22]} Rg7
{[%emt 0:01:35]} 35. R4c3 {[%emt 0:02:32]} Re7 {[%emt 0:00:43]} 36. Nd3 {
[%emt 0:02:46]} Rde6 {[%emt 0:00:39]} 37. Ne5 {[%emt 0:02:54]} Nc8 {[%emt 0:00:
59]} 38. Nc6 {[%emt 0:04:43]} Rf7 {[%emt 0:00:26]} 39. Nd8+ {[%emt 0:00:06]}
Kb8 {[%emt 0:00:30]} 40. Nxe6 {[%emt 0:00:06]} Nd6 {[%emt 0:00:35]} 41. Nxc7 {
[%emt 0:00:43]} Kb7 {[%emt 0:00:45]} 42. b5 {[%emt 0:01:02]} a5 {[%emt 0:01:05]
} 43. Na6 {[%emt 0:00:14]} Ne8 {[%emt 0:00:04]} 44. Rc8 {[%emt 0:00:05]} Re7 {
[%emt 0:00:48]} 45. Rb8+ {[%emt 0:00:04]} Ka7 {[%emt 0:00:27]} 46. Rcc8 {
[%emt 0:00:04]} Nc7 {[%emt 0:00:58]} 47. Nxc7 {[%emt 0:00:07] Kb7 Ra8 Ka7 Na6+}
1-0

[Event "European School Championships"]
[Site "Rhodes, Greece"]
[Date "2022.04.29"]
[Round "7.3"]
[White "Tarhan, Adar"]
[Black "Kostov, Kiril"]
[Result "1-0"]
[WhiteElo "2314"]
[BlackElo "2056"]
[PlyCount "73"]
[EventDate "2022.04.21"]
[EventRounds "9"]

1. e4 c5 {[%emt 0:00:05]} 2. Nf3 {[%emt 0:00:07]} d6 {[%emt 0:00:03]} 3. d4 {
[%emt 0:00:05]} cxd4 {[%emt 0:00:03]} 4. Nxd4 {[%emt 0:00:09]} Nf6 {[%emt 0:00:
07]} 5. Nc3 {[%emt 0:00:06]} a6 {[%emt 0:00:04]} 6. h3 {[%emt 0:00:10]} e6 {
[%emt 0:00:15]} 7. g4 {[%emt 0:00:07]} b5 {[%emt 0:00:03]} 8. Bg2 {[%emt 0:00:
28]} Bb7 {[%emt 0:00:15]} 9. g5 {[%emt 0:01:09]} Nfd7 {[%emt 0:01:34]} 10. Be3
{[%emt 0:00:47]} Nb6 {[%emt 0:00:45]} 11. b3 {[%emt 0:01:10]} N8d7 {[%emt 0:06:
46]} 12. Nce2 {[%emt 0:02:47]} Rc8 {[%emt 0:09:18]} 13. O-O {[%emt 0:01:54]} d5
{[%emt 0:11:39]} 14. Ng3 {[%emt 0:07:06]} dxe4 {[%emt 0:14:30]} 15. Nxe4 {
[%emt 0:01:04]} Nd5 {[%emt 0:00:25]} 16. Qg4 {[%emt 0:02:30]} Qb6 {[%emt 0:10:
04]} 17. Rad1 {[%emt 0:01:40]} Be7 {[%emt 0:05:48]} 18. Qg3 {[%emt 0:03:12]}
Nxe3 {[%emt 0:03:56]} 19. fxe3 {[%emt 0:00:11]} Nc5 {[%emt 0:03:27]} 20. Nxc5 {
[%emt 0:04:27]} Bxc5 {[%emt 0:02:35]} 21. g6 {[%emt 0:01:09]} hxg6 {[%emt 0:16:
56]} 22. Bxb7 {[%emt 0:02:19]} Qxb7 {[%emt 0:00:31]} 23. Nxe6 {[%emt 0:00:09]}
Qe7 {[%emt 0:00:37]} 24. Rd5 {[%emt 0:03:17]} Bxe3+ {[%emt 0:05:49]} 25. Qxe3 {
[%emt 0:01:40]} fxe6 {[%emt 0:00:08]} 26. Re5 {[%emt 0:01:46]} Rc6 {[%emt 0:01:
19]} 27. Qe4 {[%emt 0:02:15]} Qd7 {[%emt 0:01:32]} 28. Qxg6+ {[%emt 0:00:50]}
Kd8 {[%emt 0:00:04]} 29. Re3 {[%emt 0:00:38]} Qd4 {[%emt 0:02:17]} 30. Qg5+ {
[%emt 0:01:17]} Kc8 {[%emt 0:00:48]} 31. Rf2 {[%emt 0:00:19]} g6 {[%emt 0:02:
57]} 32. Rd3 {[%emt 0:01:44]} Qg7 {[%emt 0:00:10]} 33. Rfd2 {[%emt 0:01:08]}
Rf8 {[%emt 0:01:17]} 34. Rd8+ {[%emt 0:00:18]} Kc7 {[%emt 0:00:29]} 35. Qg3+ {
[%emt 0:01:24]} e5 {[%emt 0:00:30]} 36. Qe3 {[%emt 0:01:38]} Rcf6 {[%emt 0:00:
55]} 37. Qa7+ {[%emt 0:00:01] Rc6 Qe3} 1-0

[Event "European School Championships"]
[Site "Rhodes, Greece"]
[Date "2022.04.29"]
[Round "7.4"]
[White "Taladianos, Ioannis"]
[Black "Kovalskyi, Roman"]
[Result "0-1"]
[WhiteElo "1368"]
[BlackElo "1849"]
[PlyCount "60"]
[EventDate "2022.04.21"]
[EventRounds "9"]

1. e4 {[%emt 0:00:05]} c5 {[%emt 0:00:03]} 2. Bc4 {[%emt 0:00:05]} g6 {[%emt 0:
00:08]} 3. Nf3 {[%emt 0:00:10]} Bg7 {[%emt 0:00:05]} 4. c3 {[%emt 0:00:24]} e6
{[%emt 0:00:23]} 5. d4 {[%emt 0:01:10]} cxd4 {[%emt 0:00:05]} 6. cxd4 {[%emt 0:
00:06]} d5 {[%emt 0:00:03]} 7. exd5 {[%emt 0:01:51]} exd5 {[%emt 0:00:05]} 8.
Bd3 {[%emt 0:00:20]} Nc6 {[%emt 0:00:19]} 9. Be3 {[%emt 0:00:31]} Bg4 {[%emt 0:
02:47]} 10. Bb5 {[%emt 0:05:47]} Nge7 {[%emt 0:02:05]} 11. Nc3 {[%emt 0:01:30]}
O-O {[%emt 0:00:53]} 12. h3 {[%emt 0:00:39]} Bxf3 {[%emt 0:01:23]} 13. gxf3 {
[%emt 0:01:05]} Nf5 {[%emt 0:00:39]} 14. Bxc6 {[%emt 0:04:39]} bxc6 {[%emt 0:
03:43]} 15. Qd2 {[%emt 0:01:41]} c5 {[%emt 0:00:37]} 16. Ne2 {[%emt 0:05:44]}
Nh4 {[%emt 0:05:22]} 17. Ng1 {[%emt 0:01:16]} cxd4 {[%emt 0:00:56]} 18. Bxd4 {
[%emt 0:00:27]} Re8+ {[%emt 0:00:05]} 19. Kd1 {[%emt 0:00:35]} Bxd4 {[%emt 0:
03:23]} 20. Qxd4 {[%emt 0:00:43]} Rc8 {[%emt 0:00:55]} 21. Qd3 {[%emt 0:02:10]}
Qf6 {[%emt 0:01:45]} 22. Rb1 {[%emt 0:00:47]} Rc4 {[%emt 0:01:33]} 23. Ne2 {
[%emt 0:03:45]} Nxf3 {[%emt 0:00:12]} 24. b3 {[%emt 0:00:25]} Rce4 {[%emt 0:01:
25]} 25. Qc3 {[%emt 0:06:27]} d4 {[%emt 0:00:41]} 26. Qd3 {[%emt 0:02:56]} Rxe2
{[%emt 0:00:23]} 27. Qxe2 {[%emt 0:00:04]} Rxe2 {[%emt 0:00:01]} 28. Kxe2 {
[%emt 0:00:03]} Ne5 {[%emt 0:00:34]} 29. b4 {[%emt 0:00:50]} Qf3+ {[%emt 0:00:
23]} 30. Kd2 {[%emt 0:00:10]} Nc4+ {[%emt 0:00:11]} 0-1

[Event "European School Championships"]
[Site "Rhodes, Greece"]
[Date "2022.04.21"]
[Round "1.1"]
[White "Pelling, Kyle"]
[Black "Kostov, Deyan Samuil"]
[Result "0-1"]
[WhiteElo "1750"]
[BlackElo "2186"]
[PlyCount "46"]
[EventDate "2022.04.21"]
[EventRounds "9"]

1. e4 {[%emt 0:00:03]} c5 {[%emt 0:00:07]} 2. Nf3 {[%emt 0:00:09]} d6 {[%emt 0:
00:07]} 3. d4 {[%emt 0:00:07]} cxd4 {[%emt 0:00:08]} 4. Nxd4 {[%emt 0:00:04]}
Nf6 {[%emt 0:00:21]} 5. Nc3 {[%emt 0:00:06]} Nc6 {[%emt 0:00:10]} 6. Bg5 {
[%emt 0:00:14]} Bd7 {[%emt 0:03:32]} 7. Qd2 {[%emt 0:01:17]} Rc8 {[%emt 0:01:
01]} 8. f4 {[%emt 0:01:30]} Nxd4 {[%emt 0:01:06]} 9. Qxd4 {[%emt 0:00:07]} Qa5
{[%emt 0:00:33]} 10. e5 {[%emt 0:00:57]} dxe5 {[%emt 0:01:51]} 11. fxe5 {
[%emt 0:00:11]} e6 {[%emt 0:00:19]} 12. O-O-O {[%emt 0:02:11]} Bc5 {[%emt 0:03:
25]} 13. Qd3 {[%emt 0:06:40]} Nd5 {[%emt 0:02:24]} 14. Nxd5 {[%emt 0:14:48]}
exd5 {[%emt 0:00:10]} 15. Qxd5 {[%emt 0:03:23]} Bc6 {[%emt 0:01:38]} 16. Qc4 {
[%emt 0:05:07]} O-O {[%emt 0:06:50]} 17. Bd3 {[%emt 0:14:46]} g6 {[%emt 0:21:
21]} 18. Bf6 {[%emt 0:28:48]} Be3+ {[%emt 0:02:42]} 19. Kb1 {[%emt 0:00:10]}
Bd5 {[%emt 0:00:21]} 20. Qxd5 {[%emt 0:12:44]} Qxd5 {[%emt 0:00:10]} 21. Bxg6 {
[%emt 0:00:11]} Qxd1+ {[%emt 0:05:53]} 22. Rxd1 {[%emt 0:00:09]} hxg6 {[%emt 0:
00:49]} 23. Rd3 {[%emt 0:00:47]} Bh6 {[%emt 0:00:06]} 0-1

[Event "European School Championships"]
[Site "Rhodes, Greece"]
[Date "2022.04.21"]
[Round "1.2"]
[White "Can, Isik"]
[Black "Ochedzan, Tymon"]
[Result "1-0"]
[WhiteElo "2423"]
[BlackElo "2261"]
[PlyCount "79"]
[EventDate "2022.04.21"]
[EventRounds "9"]

1. e4 c5 {[%emt 0:00:08]} 2. Nf3 {[%emt 0:00:04]} d6 {[%emt 0:00:11]} 3. d4 {
[%emt 0:00:06]} cxd4 {[%emt 0:00:08]} 4. Nxd4 {[%emt 0:00:04]} Nf6 {[%emt 0:00:
12]} 5. Nc3 {[%emt 0:00:06]} a6 {[%emt 0:00:07]} 6. Bg5 {[%emt 0:00:04]} e6 {
[%emt 0:01:03]} 7. f4 {[%emt 0:00:05]} h6 {[%emt 0:00:14]} 8. Bh4 {[%emt 0:00:
03]} Qb6 {[%emt 0:00:09]} 9. Qd2 {[%emt 0:00:04]} Qxb2 {[%emt 0:02:02]} 10. Rb1
{[%emt 0:00:42]} Qa3 {[%emt 0:00:10]} 11. e5 {[%emt 0:00:07]} dxe5 {[%emt 0:01:
58]} 12. fxe5 {[%emt 0:00:05]} g5 {[%emt 0:01:05]} 13. Bg3 {[%emt 0:00:22]} Nh5
{[%emt 0:02:44]} 14. Ne4 {[%emt 0:03:06]} Nd7 {[%emt 0:11:49]} 15. Rb3 {
[%emt 0:00:13]} Qa4 {[%emt 0:11:32]} 16. Be2 {[%emt 0:05:17]} Nxg3 {[%emt 0:04:
18]} 17. hxg3 {[%emt 0:01:17]} Nxe5 {[%emt 0:12:05]} 18. Nf6+ {[%emt 0:08:53]}
Ke7 19. O-O {[%emt 0:03:28]} Bg7 20. Qc3 {[%emt 0:18:37]} Bxf6 21. Qc5+ {
[%emt 0:06:51]} Ke8 {[%emt 0:03:53]} 22. Rxf6 {[%emt 0:02:55]} Nc6 {[%emt 0:04:
09]} 23. Nxc6 {[%emt 0:01:23]} Qxc6 {[%emt 0:01:35]} 24. Qf2 {[%emt 0:00:19]}
Rf8 {[%emt 0:07:05]} 25. Bh5 {[%emt 0:00:24]} Qd7 {[%emt 0:02:00]} 26. Rd3 {
[%emt 0:01:44]} Qe7 {[%emt 0:02:07]} 27. Rdf3 {[%emt 0:00:02]} Qd6 {[%emt 0:02:
39]} 28. Rxf7 {[%emt 0:01:27]} Qd1+ {[%emt 0:00:50]} 29. Kh2 {[%emt 0:00:01]}
Rxf7 {[%emt 0:00:19]} 30. Bxf7+ {[%emt 0:00:02]} Ke7 31. Rd3 {[%emt 0:00:19]}
Qa1 32. Bg6 {[%emt 0:02:46]} Qg7 33. Qc5+ Kf6 34. Be4 g4 35. Rd8 Qg5 36. Qc7
Qg7 37. Rxc8 Rxc8 38. Qxc8 Qf7 39. Qh8+ Ke7 40. Qxh6 1-0

[Event "European School Championships"]
[Site "Rhodes, Greece"]
[Date "2022.04.22"]
[Round "2.1"]
[White "Kavri, Yusuf Eren"]
[Black "Diakidis Kostas, Michail Georgi"]
[Result "1-0"]
[WhiteElo "1886"]
[BlackElo "1384"]
[PlyCount "43"]
[EventDate "2022.04.21"]
[EventRounds "9"]

1. d4 {[%emt 0:00:03]} Nf6 {[%emt 0:00:07]} 2. c4 {[%emt 0:00:07]} e6 {[%emt 0:
00:25]} 3. Nc3 {[%emt 0:00:10]} Bb4 {[%emt 0:00:17]} 4. Nf3 {[%emt 0:00:18]} c5
{[%emt 0:26:39]} 5. g3 {[%emt 0:00:17]} cxd4 {[%emt 0:04:25]} 6. Nxd4 {[%emt 0:
00:15]} d5 {[%emt 0:04:35]} 7. Qa4+ {[%emt 0:21:11]} Nc6 {[%emt 0:00:34]} 8.
Nxc6 {[%emt 0:00:11]} Bxc3+ {[%emt 0:00:07]} 9. bxc3 {[%emt 0:00:05]} Qd7 {
[%emt 0:00:13]} 10. cxd5 {[%emt 0:17:13]} exd5 {[%emt 0:18:44]} 11. Ba3 {
[%emt 0:04:11]} Qxc6 {[%emt 0:03:35]} 12. Qb4 {[%emt 0:00:54]} Qc7 {[%emt 0:01:
04]} 13. Bg2 {[%emt 0:00:36]} a5 {[%emt 0:05:53]} 14. Qd4 {[%emt 0:02:35]} Be6
{[%emt 0:02:16]} 15. O-O {[%emt 0:01:28]} Rc8 {[%emt 0:10:17]} 16. Rfc1 {
[%emt 0:02:33]} h5 {[%emt 0:00:18]} 17. Rab1 {[%emt 0:06:03]} h4 {[%emt 0:07:
56]} 18. c4 {[%emt 0:03:18]} Qd7 {[%emt 0:07:53]} 19. cxd5 {[%emt 0:01:34]}
Rxc1+ {[%emt 0:00:19]} 20. Rxc1 {[%emt 0:00:02]} Bh3 {[%emt 0:03:46]} 21. Bxh3
{[%emt 0:00:42]} Qxh3 {[%emt 0:00:27]} 22. Qe5+ {[%emt 0:00:02]} 1-0